Normal view
MARC view
Entry Personal Name
001 - CONTROL NUMBER
- control field: 20792
003 - CONTROL NUMBER IDENTIFIER
- control field: ARRUPE
005 - DATE AND TIME OF LATEST TRANSACTION
- control field: 20151030103716.0
008 - FIXED-LENGTH DATA ELEMENTS
- fixed length control field: 151030|| aca||aabn | a|a d
040 ## - CATALOGING SOURCE
- Original cataloging agency: ARRUPE
- Transcribing agency: ARRUPE
100 ## - HEADING--PERSONAL NAME
- Personal name: Graham, Duncan,
- Dates associated with a name: 1936-
670 ## - SOURCE DATA FOUND
- Source citation: Work cat.: (ARRUPE)0: Graham, Duncan, 1936-, A lesson for us all :, 1993.